Leonardo (1452-1519) /

محفوظ في:
التفاصيل البيبلوغرافية
المؤلف الرئيسي: Solmi, Edmondo (مؤلف)
التنسيق: كتاب
اللغة:الإيطالية
منشور في: Milano : Longanesi, 1972
سلاسل:I libri pocket ; 327
الموضوعات:
الوسوم: إضافة وسم
لا توجد وسوم, كن أول من يضع وسما على هذه التسجيلة!

MARC

LEADER 00000nam a22000007i 4500
001 IT\ICCU\RAV\0216072
003 ItRI
005 20260115232245.0
008 930429s1972 it |||||| ||||| |||||c
040 |b ita  |c importazione bologna sebina 
041 7 |a ita  |2 ISO-639-2 
082 |a 709.2  |9 BELLE ARTI E ARTI DECORATIVE. Persone  |2 23 
100 1 |a Solmi, Edmondo  |0 IT\ICCU\RAVV\081377  |4 aut 
240 1 0 |a Leonardo  |3 IT\ICCU\CFI\0093730  |9 Solmi, Edmondo 
245 1 0 |a Leonardo (1452-1519) /  |c di Edmondo Solmi. 
260 |a Milano :  |b Longanesi,  |c 1972 
300 |a VII, 227 p. ;  |c 18 cm 
650 7 |a Leonardo : da Vinci 
830 2 |a I libri pocket ;  |v 327  |0 IT\ICCU\RAV\0001894 
942 |2 ddc  |c BK  |n 0 
952 |0 0  |1 0  |4 0  |6 DOC_927_500000000000000_SOL  |7 0  |9 23096  |a BO  |b BO  |d 2026-01-15  |i 1983  |l 0  |o DOC 927.5 SOL  |p BO1983  |r 2026-01-15 23:22:45  |w 2026-01-15  |x [Sebina 5] [1 v.]  |y BK  |z 1 v. 
999 |c 19698  |d 19698